000 00678nam a2200241Ia 4500
003 OSt
005 20220918202506.0
006 a|||||r|||| 00| 0
007 ta
008 220917b |||||||| |||| 00| 0 eng d
024 _a101,666
037 _cTextual
040 _aARTS
_cARTS
_beng
041 _2eng
_aeng
082 _aV2360a44Q77a, N1 (FAL/BB)
100 _aDewey Clive
_9104033
245 0 _aSettlement literature of the greater Punjab
_b a handbook
260 _aNew Delhi
_bManohar
_c1991
300 _a107p.
_ccm.
650 _aHISTORY
942 _hV2360a44Q77a, N1 (FAL/BB)
_cTEXL
_2CC
999 _c225126
_d225126